Champions League Topscorer 2022/23 - Statistiken

Allgemein
  • Dieses Quiz wurde 208 mal gespielt
  • Das Durchschnittsergebnis liegt bei 15 aus 22
Antwortstatistiken
Rang Nation Verein Tore Antwort % Korrekt
2 Ägypten Liverpool 8 Mohamed Salah
100%
1 Norwegen Manchester City 12 Erling Haaland
99%
3 Frankreich Paris Saint-Germain 7 Kylian Mbappe
99%
3 Brasilien Real Madrid 7 Vinicius Junior
98%
6 Polen Barcelona 5 Robert Lewandowski
95%
6 Frankreich AC Milan 5 Olivier Giroud
91%
6 Brasilien Real Madrid 5 Rodrygo
89%
12 England BVB 4 Jude Bellingham
88%
6 Nigeria SSC Napoli 5 Victor Osimhen
85%
12 Frankreich Real Madrid 4 Karim Benzema
82%
12 Deutschland Bayern München 4 Leroy Sane
82%
12 Bosnien &Herzegowina Inter 4 Edin Dzeko
80%
12 Uruguay Liverpool 4 Darwin Nunez
79%
12 Argentinien Paris Saint-Germain 4 Lionel Messi
74%
12 Kamerun Bayern München 4 Eric Maxim Choupo-Moting
72%
6 Iran Porto 5 Mehdi Taremi
61%
12 Polen SSC Napoli 4 Piotr Zielinski
50%
12 Ghana Ajax 4 Mohammed Kudus
28%
5 Portugal Benfica 6 Joao Mario
26%
6 Portugal Benfica 5 Rafa Silva
24%
12 Argentinien SSC Napoli 4 Giovanni Simeone
22%
12 Italien SSC Napoli 4 Giacomo Raspadori
15%
Keine übereinstimmenden Quizze gefunden
Verteilung der Resultate
Anzahl Personen mit jedem Resultat
Perzentil nach korrekt beantworteten Fragen
Ihre Resultats-Entwicklung
Sie haben dieses Quiz noch nicht gespielt